Teología espiritual: hacia la plenitud de la vida en el espíritu

Đã lưu trong:
Chi tiết về thư mục
Tác giả chính: Bernard, Charles André (Tác giả)
Định dạng: Sách
Ngôn ngữ:Tiếng Tây Ban Nha
Được phát hành: Salamanca Ediciones Sígueme 2007
Phiên bản:1a. ed
Loạt:Lux Mundi, 88
Những chủ đề:
Các nhãn: Thêm thẻ
Không có thẻ, Là người đầu tiên thẻ bản ghi này!

MARC

LEADER 00000cam a2200000 a 4500
001 UCE7480
003 CL-VaPUC
008 150612e20070000sp |||||||||||||||||spa|d
020 |a 9788430116553 
082 0 4 |a 248  |b BER  |2 21 
100 0 |a Bernard, Charles André  |e author  |9 580144 
245 1 0 |a Teología espiritual: hacia la plenitud de la vida en el espíritu 
250 |a 1a. ed 
300 |a 638 p 
942 |c BK 
945 |d 20150612 13:50:00  |a gsalatino 
260 |a Salamanca  |b Ediciones Sígueme  |c 2007 
650 0 |a Espiritualidad   |9 267331 
650 0 |a Vida cristiana  |9 258753 
583 |a last modification  |c 20150619 04:41:06  |k Rodrigo Vera 
490 0 |a Lux Mundi, 88 
999 |c 359570  |d 359568 
952 |0 0  |1 0  |3 erd  |4 0  |6 248_000000000000000_BER_2007  |7 0  |8 A  |9 468835  |a BIBTEO  |b BIBTEO  |i 5164303  |o 248 BER 2007  |p 5164303  |r 2025-01-17  |w 2019-11-23  |y BK  |z Catalogado en:20150612  |k ICR 
952 |0 0  |1 0  |3 erd  |4 0  |6 248_000000000000000_BER_2007  |7 0  |8 A  |9 468836  |a BIBTEO  |b BIBTEO  |i 5439760  |o 248 BER 2007  |p 5439760  |r 2025-01-17  |w 2019-11-23  |y BK  |z Catalogado en:20171201  |k ICR